[Event "USA-ch U20 Girls"]
[Site "Tulsa"]
[Date "2015.06.24"]
[Round "4"]
[White "Regam, Jessica"]
[Black "Chiang, Sarah"]
[Result "1/2-1/2"]
[WhiteElo "1945"]
[BlackElo "2088"]
[PlyCount "81"]
[EventDate "2015.06.22"]
[EventType "tourn"]
[EventRounds "9"]
[EventCountry "USA"]
[SourceTitle "CBM 167 Extra"]
[Source "ChessBase"]
[SourceDate "2015.09.14"]
[SourceVersion "1"]
[SourceVersionDate "2015.09.14"]
[SourceQuality "1"]

1. e4 c6 2. Nf3 d5 3. exd5 cxd5 4. d4 Nf6 5. Nc3 Bg4 6. Be2 e6 7. 0-0 Bd6 8. h3 Bh5 9. Nb5 0-0 10. Nxd6 Qxd6 11. Ne5 Bxe2 12. Qxe2 Nc6 13. Be3 Nxe5 14. Bf4 Qb6 15. Bxe5 Ne4 16. c3 Rae8 17. f3 Nd6 18. Bxd6 Qxd6 19. f4 a6 20. g3 b5 21. Qe5 Qb6 22. h4 b4 23. h5 f6 24. Qe2 e5 25. fxe5 Rxe5 26. Qf3 h6 27. Rae1 Rfe8 28. Rxe5 Rxe5 29. Kg2 Re4 30. Qf5 Qc6 31. Rf3 Re2+ 32. Rf2 Re8 33. cxb4 Qc4 34. Qd7 Rf8 35. Qe6+ Kh8 36. Qd6 Rc8 37. Rxf6 Qe2+ 38. Rf2 Qe4+ 39. Kh2 Qxd4 40. Rf8+ Rxf8 41. Qxf8+ 1/2-1/2

[Event "Dallas UTD Spring op"]
[Site "Dallas"]
[Date "2014.03.09"]
[Round "3"]
[White "Chiang, Sarah"]
[Black "Moon, Ryan Joseph"]
[Result "0-1"]
[WhiteElo "2099"]
[BlackElo "2126"]
[PlyCount "74"]
[EventDate "2014.03.08"]
[EventType "swiss"]
[EventRounds "9"]
[EventCountry "USA"]
[SourceTitle "CBM 159 Extra"]
[Source "ChessBase"]
[SourceDate "2014.04.24"]
[SourceVersion "1"]
[SourceVersionDate "2014.04.24"]
[SourceQuality "1"]

1. d4 d5 2. c4 e6 3. Nc3 Be7 4. Nf3 Nf6 5. Bg5 h6 6. Bh4 0-0 7. e3 b6 8. cxd5 Nxd5 9. Bxe7 Qxe7 10. Nxd5 exd5 11. Bd3 c5 12. Rc1 Bb7 13. 0-0 Nd7 14. dxc5 bxc5 15. Bf5 Nf6 16. Qc2 g6 17. Bh3 Ne4 18. Nd2 Ng5 19. Bg4 h5 20. Be2 Rac8 21. Nb3 d4 22. exd4 Nh3+ 23. Kh1 Nf4 24. Bf3 Bxf3 25. gxf3 cxd4 26. Qd2 Qg5 27. Rg1 Rxc1 28. Nxc1 Qf5 29. Rd1 Rd8 30. Nd3 Nh3 31. Qe2 Ng5 32. Ne1 Rd6 33. Qd3 Qf6 34. Qb3 Nh3 35. Qc2 Re6 36. Kg2 Nf4+ 37. Kf1 Qh4 0-1

[Event "Saint Louis SPICE Cup op 7th"]
[Site "Saint Louis"]
[Date "2013.10.16"]
[Round "3"]
[White "Rakhmanov, Alexander"]
[Black "Chiang, Sarah"]
[Result "1-0"]
[WhiteElo "2603"]
[BlackElo "2102"]
[PlyCount "51"]
[EventDate "2013.10.15"]
[EventType "swiss"]
[EventRounds "9"]
[EventCountry "USA"]
[SourceTitle "EXT 2014"]
[Source "ChessBase"]
[SourceDate "2013.11.20"]
[SourceVersion "1"]
[SourceVersionDate "2013.11.20"]
[SourceQuality "1"]

1. c4 e6 2. e4 d5 3. exd5 exd5 4. d4 Nf6 5. Nc3 Be7 6. Bd3 c6 7. Nge2 0-0 8. 0-0 Nbd7 9. Nf4 dxc4 10. Bxc4 Nb6 11. Bb3 Bg4 12. f3 Bf5 13. Re1 Qd7 14. g4 Bg6 15. h4 c5 16. Ne6 Rfc8 17. dxc5 Bxc5+ 18. Nxc5 Rxc5 19. Qxd7 Nfxd7 20. Be3 Rc6 21. Bxb6 Nxb6 22. Re7 Nc4 23. Bxc4 Rxc4 24. h5 Bc2 25. Rc1 Bd3 26. Rd7 1-0

[Event "Washington op 2nd"]
[Site "Rockville"]
[Date "2013.08.07"]
[Round "3"]
[White "Enkhbat, Tegshsuren"]
[Black "Chiang, Sarah"]
[Result "1-0"]
[WhiteElo "2417"]
[BlackElo "2067"]
[PlyCount "95"]
[EventDate "2013.08.06"]
[EventType "swiss"]
[EventRounds "9"]
[EventCountry "USA"]
[SourceTitle "EXT 2014"]
[Source "ChessBase"]
[SourceDate "2013.11.20"]
[SourceVersion "1"]
[SourceVersionDate "2013.11.20"]
[SourceQuality "1"]

1. d4 Nf6 2. c4 e6 3. g3 d5 4. Nf3 Be7 5. Bg2 0-0 6. 0-0 dxc4 7. Qc2 a6 8. Qxc4 b5 9. Qc2 Bb7 10. Bd2 Be4 11. Qc1 Qc8 12. Bg5 Nbd7 13. Qf4 c5 14. Rc1 c4 15. b3 Bb7 16. bxc4 bxc4 17. Nc3 Bb4 18. Qh4 h6 19. Bxf6 Nxf6 20. Ne5 Bxg2 21. Kxg2 Nd5 22. Nxd5 exd5 23. Qh5 Ba3 24. Rc2 Qe6 25. Qf3 Qd6 26. e4 f6 27. Ng6 dxe4 28. Qf5 Rfc8 29. Qxe4 Re8 30. Qg4 Qd5+ 31. Kg1 Rab8 32. Rd1 Rb2 33. Nf4 Qf7 34. Qf5 Reb8 35. d5 Rb1 36. Rxb1 Rxb1+ 37. Kg2 Re1 38. Qc8+ Kh7 39. Qxc4 Rd1 40. Qe2 Rd4 41. Ne6 Ra4 42. Rc7 Qg6 43. Rxg7+ Qxg7 44. Nxg7 Kxg7 45. Qd1 Rb4 46. d6 Rb8 47. Qg4+ Kf8 48. Qe6 1-0

[Event "Washington op 2nd"]
[Site "Rockville"]
[Date "2013.08.06"]
[Round "2"]
[White "Chiang, Sarah"]
[Black "Hunt, Adam"]
[Result "1/2-1/2"]
[WhiteElo "2067"]
[BlackElo "2430"]
[PlyCount "92"]
[EventDate "2013.08.06"]
[EventType "swiss"]
[EventRounds "9"]
[EventCountry "USA"]
[SourceTitle "EXT 2014"]
[Source "ChessBase"]
[SourceDate "2013.11.20"]
[SourceVersion "1"]
[SourceVersionDate "2013.11.20"]
[SourceQuality "1"]

1. d4 Nf6 2. c4 g6 3. Nc3 Bg7 4. e4 d6 5. Nf3 0-0 6. Be2 e5 7. d5 a5 8. Bg5 Na6 9. Nd2 Qe8 10. 0-0 Kh8 11. a3 Bd7 12. b4 axb4 13. axb4 Nxb4 14. Qb3 c5 15. dxc6 Nxc6 16. Qxb7 Rb8 17. Qa6 Qe6 18. Nb5 Rfc8 19. Qa3 Ne8 20. Rfd1 f6 21. Be3 f5 22. f3 Nd4 23. Nxd4 exd4 24. Bf2 d3 25. Qxd3 Bxa1 26. Rxa1 Ra8 27. Qc3+ Kg8 28. Re1 f4 29. c5 Qf7 30. Nc4 Rab8 31. Qd2 Rc6 32. Nb6 Be6 33. Bb5 Rxc5 34. Bxc5 dxc5 35. Bxe8 Rxe8 36. Qd6 c4 37. Rc1 g5 38. h3 Qe7 39. Qe5 Bf7 40. Qb5 Qe5 41. Nd5 Bxd5 42. Qxd5+ Qxd5 43. exd5 Rc8 44. d6 Kf7 45. d7 Rd8 46. Rxc4 Rxd7 1/2-1/2

[Event "USA-ch U20"]
[Site "Saint Louis"]
[Date "2013.06.15"]
[Round "2"]
[White "Troff, Kayden W"]
[Black "Chiang, Sarah"]
[Result "1-0"]
[WhiteElo "2443"]
[BlackElo "2101"]
[PlyCount "85"]
[EventDate "2013.06.13"]
[EventType "tourn"]
[EventRounds "9"]
[EventCountry "USA"]
[EventCategory "5"]
[SourceTitle "CBM 155 Extra"]
[Source "ChessBase"]
[SourceDate "2013.08.26"]
[SourceVersion "1"]
[SourceVersionDate "2013.08.26"]
[SourceQuality "1"]

1. d4 Nf6 2. c4 e6 3. g3 d5 4. Nf3 Be7 5. Bg2 0-0 6. 0-0 dxc4 7. Ne5 Nc6 8. Bxc6 bxc6 9. Nxc6 Qd6 10. Nxe7+ Qxe7 11. Qc2 c5 12. Qxc4 cxd4 13. Qxd4 Rd8 14. Qh4 e5 15. Bg5 Rd4 16. Bxf6 gxf6 17. e4 Bb7 18. Nc3 Rad8 19. Rfe1 Qe6 20. Re3 Kh8 21. Rc1 Rc8 22. Rce1 Rg8 23. Qh5 Rg5 24. Qe2 Qh3 25. Qf1 Qe6 26. Qb5 Qc8 27. Nd5 Bxd5 28. exd5 Qh3 29. Qc5 Kg7 30. Re4 Rxe4 31. Rxe4 Rh5 32. Qc2 Qxh2+ 33. Kf1 Qh3+ 34. Ke2 Qd7 35. Qd3 Rh2 36. d6 Rh6 37. Qd5 Rh2 38. Rc4 Qf5 39. Qf3 Qe6 40. Qg4+ Qxg4+ 41. Rxg4+ Kf8 42. Rg8+ Kxg8 43. d7 1-0

[Event "Richardson UTD op"]
[Site "Richardson"]
[Date "2013.03.12"]
[Round "8"]
[White "Salazar, Aura Cristina"]
[Black "Chiang, Sarah"]
[Result "1/2-1/2"]
[WhiteElo "2202"]
[BlackElo "2030"]
[PlyCount "135"]
[EventDate "2013.03.09"]
[EventType "swiss"]
[EventRounds "9"]
[EventCountry "USA"]
[SourceTitle "CBM 153 Extra"]
[Source "ChessBase"]
[SourceDate "2013.04.22"]
[SourceVersion "1"]
[SourceVersionDate "2013.04.22"]
[SourceQuality "1"]

1. e4 c6 2. d4 d5 3. Nc3 dxe4 4. Nxe4 Bf5 5. Ng3 Bg6 6. h4 h6 7. Nf3 Nd7 8. h5 Bh7 9. Bd3 Bxd3 10. Qxd3 e6 11. Bf4 Qa5+ 12. Bd2 Qc7 13. 0-0-0 Ngf6 14. Ne4 0-0-0 15. g3 Nxe4 16. Qxe4 Nf6 17. Qe2 Bd6 18. c4 c5 19. Bc3 cxd4 20. Nxd4 a6 21. Nb3 Rd7 22. Kb1 Rhd8 23. c5 Be7 24. Rc1 Qc6 25. Na5 Qe4+ 26. Qxe4 Nxe4 27. c6 bxc6 28. Bxg7 c5 29. Nc6 Rg8 30. Nxe7+ Rxe7 31. Bxh6 Nxf2 32. Rxc5+ Kb7 33. Rg5 Rxg5 34. Bxg5 f6 35. Rf1 Ne4 36. Bxf6 Rf7 37. Rf4 Nxf6 38. g4 e5 39. Rf5 Rg7 40. Rxf6 Rxg4 41. Kc2 Rh4 42. h6 Rh3 43. a4 a5 44. Re6 e4 45. b3 Ka7 46. Kd2 Kb7 47. Ke2 Rxb3 48. Rxe4 Rh3 49. Re6 Rh4 50. Kf3 Rxa4 51. Re4 Ra1 52. Kg4 Rd1 53. Kg5 Kb6 54. h7 Rd8 55. Re5 a4 56. Kg6 a3 57. Re3 a2 58. Ra3 Rd6+ 59. Kg5 Rd5+ 60. Kg6 Rd6+ 61. Kg5 Rd5+ 62. Kg4 Rd4+ 63. Kg5 Rd5+ 64. Kf6 Rd6+ 65. Kf7 Rd7+ 66. Kg6 Rd6+ 67. Kh5 Rd5+ 68. Kg6 1/2-1/2

[Event "Wch U16 Girls"]
[Site "Maribor"]
[Date "2012.11.17"]
[Round "10.12"]
[White "Gu, Tianlu"]
[Black "Chiang, Sarah"]
[Result "1-0"]
[WhiteElo "1889"]
[BlackElo "2088"]
[PlyCount "67"]
[EventDate "2012.11.08"]
[EventType "swiss"]
[EventRounds "11"]
[EventCountry "SLO"]
[SourceTitle "EXT 2013"]
[Source "ChessBase"]
[SourceDate "2012.11.22"]
[SourceVersion "1"]
[SourceVersionDate "2012.11.22"]
[SourceQuality "1"]

1. e4 c6 2. d4 d5 3. Nc3 dxe4 4. Nxe4 Bf5 5. Ng3 Bg6 6. h4 h6 7. Nf3 Nd7 8. h5 Bh7 9. Bd3 Bxd3 10. Qxd3 e6 11. Bf4 Qa5+ 12. Bd2 Qc7 13. 0-0-0 Ngf6 14. Kb1 0-0-0 15. c4 Kb8 16. Ne4 Ka8 17. g3 Nxe4 18. Qxe4 Nf6 19. Qe2 Bd6 20. c5 Be7 21. Bf4 Qa5 22. Ne5 Rc8 23. Qc2 Qb5 24. Nc4 Nd5 25. Bd6 Rhe8 26. g4 b6 27. Rh3 bxc5 28. dxc5 Nb4 29. Qc1 Na6 30. Rb3 Qa4 31. Rd4 Qxb3 32. axb3 Bf6 33. Re4 Nb4 34. Qd2 1-0

[Event "Wch U16 Girls"]
[Site "Maribor"]
[Date "2012.11.16"]
[Round "9.7"]
[White "Chiang, Sarah"]
[Black "Nandhidhaa, PV."]
[Result "0-1"]
[WhiteElo "2099"]
[BlackElo "2161"]
[PlyCount "90"]
[EventDate "2012.11.08"]
[EventType "swiss"]
[EventRounds "11"]
[EventCountry "SLO"]
[SourceTitle "EXT 2013"]
[Source "ChessBase"]
[SourceDate "2012.11.22"]
[SourceVersion "1"]
[SourceVersionDate "2012.11.22"]
[SourceQuality "1"]

1. d4 Nf6 2. c4 e6 3. Nc3 d5 4. Nf3 Be7 5. Bg5 h6 6. Bh4 0-0 7. e3 Ne4 8. Bxe7 Qxe7 9. Bd3 Nxc3 10. bxc3 dxc4 11. Bxc4 b6 12. 0-0 Bb7 13. Qe2 Nd7 14. e4 Nf6 15. Bd3 c5 16. Rac1 Rac8 17. e5 Nd5 18. Qe4 g6 19. Qg4 Rc7 20. Nh4 Qg5 21. Qxg5 hxg5 22. Nf3 Nf4 23. Rfd1 Bxf3 24. gxf3 cxd4 25. c4 Rc5 26. Rd2 Rd8 27. Re1 Nxd3 28. Rxd3 Rxc4 29. Re4 b5 30. h4 gxh4 31. Rxh4 Kf8 32. Kf1 Ke7 33. Ke1 Rd5 34. Kd1 Rxe5 35. Ra3 Ra4 36. Rxa4 bxa4 37. Kd2 Rb5 38. Kc2 e5 39. Rh8 a3 40. Ra8 Rb2+ 41. Kc1 Rxa2 42. Rxa7+ Ke6 43. Kb1 Rb2+ 44. Kc1 Rb3 45. Kd2 Rxf3 0-1

[Event "Wch U16 Girls"]
[Site "Maribor"]
[Date "2012.11.15"]
[Round "8.11"]
[White "Chiang, Sarah"]
[Black "Goli, Lasya"]
[Result "1-0"]
[WhiteElo "2088"]
[BlackElo "1961"]
[PlyCount "156"]
[EventDate "2012.11.08"]
[EventType "swiss"]
[EventRounds "11"]
[EventCountry "SLO"]
[SourceTitle "EXT 2013"]
[Source "ChessBase"]
[SourceDate "2012.11.22"]
[SourceVersion "1"]
[SourceVersionDate "2012.11.22"]
[SourceQuality "1"]

1. d4 Nf6 2. c4 g6 3. Nc3 d6 4. e4 Bg7 5. Be2 0-0 6. Nf3 e5 7. d5 a5 8. Bg5 h6 9. Bh4 Na6 10. Nd2 Bd7 11. a3 Qe8 12. b3 Nh7 13. 0-0 h5 14. f3 Bh6 15. Qc2 Nc5 16. Rab1 Bg5 17. Bf2 Qe7 18. b4 axb4 19. axb4 Na4 20. Ra1 Nxc3 21. Qxc3 Bf4 22. Kh1 h4 23. c5 Qg5 24. Nc4 Rxa1 25. Rxa1 Nf6 26. Qe1 Qh6 27. cxd6 cxd6 28. Nxd6 Bd2 29. Qd1 Nh5 30. Nxb7 Bxb4 31. Nc5 Bxc5 32. Bxc5 Rb8 33. Qc1 g5 34. Be3 Rc8 35. Qd2 Nf4 36. Ra5 Qg7 37. Ra7 Rd8 38. Bc4 Qf6 39. Rb7 Ra8 40. Qb2 h3 41. Bxf4 Qxf4 42. Rb8+ Rxb8 43. Qxb8+ Kh7 44. Qb2 hxg2+ 45. Qxg2 f5 46. Be2 fxe4 47. fxe4 g4 48. Bd3 Kg7 49. Qg3 Qc1+ 50. Kg2 Qd2+ 51. Kg1 Qd1+ 52. Kf2 Qd2+ 53. Be2 Qg5 54. h3 Kf6 55. Bxg4 Qd2+ 56. Kg1 Qc1+ 57. Kg2 Bb5 58. Qh4+ Qg5 59. Qxg5+ Kxg5 60. Kg3 Bd3 61. h4+ Kf6 62. Bf5 Be2 63. Kf2 Bh5 64. Ke3 Ke7 65. Kd3 Kd6 66. Kc4 Be2+ 67. Kc3 Bh5 68. Kd2 Ke7 69. Ke3 Kd6 70. Kf2 Ke7 71. Kg3 Kf6 72. d6 Bd1 73. Kf2 Bh5 74. Ke3 Kf7 75. Kd3 Ke8 76. Kc4 Bf7+ 77. Kc5 Kd8 78. Kc6 Be8+ 1-0

[Event "Wch U16 Girls"]
[Site "Maribor"]
[Date "2012.11.12"]
[Round "6.17"]
[White "Chiang, Sarah"]
[Black "Serefidou, Despina"]
[Result "1/2-1/2"]
[WhiteElo "2088"]
[BlackElo "1927"]
[PlyCount "80"]
[EventDate "2012.11.08"]
[EventType "swiss"]
[EventRounds "11"]
[EventCountry "SLO"]
[SourceTitle "EXT 2013"]
[Source "ChessBase"]
[SourceDate "2012.11.22"]
[SourceVersion "1"]
[SourceVersionDate "2012.11.22"]
[SourceQuality "1"]

1. d4 Nf6 2. c4 e6 3. Nc3 Bb4 4. e3 c5 5. Bd3 0-0 6. Nf3 d5 7. a3 Ba5 8. 0-0 dxc4 9. Bxc4 Nbd7 10. Rb1 cxd4 11. exd4 Bxc3 12. bxc3 Qc7 13. Qb3 b6 14. Be2 Bb7 15. c4 Rac8 16. Bb2 Rfd8 17. Rbc1 Qb8 18. Rfd1 h6 19. h3 Qa8 20. Qe3 Ne4 21. Bd3 Rc7 22. Qf4 Rdc8 23. d5 exd5 24. Bxe4 dxe4 25. Qg4 f6 26. Rxd7 Rxd7 27. Qxd7 exf3 28. Re1 Bc6 29. Qe6+ Kh8 30. Bxf6 Re8 31. Be7 fxg2 32. Qd6 Be4 33. Qe5 Bh7 34. Qe6 Qc8 35. Qxc8 Rxc8 36. Kxg2 Rxc4 37. Bd6 Re4 38. Rc1 Bf5 39. Rc7 Rd4 40. Be5 Rd7 1/2-1/2

[Event "Wch U16 Girls"]
[Site "Maribor"]
[Date "2012.11.08"]
[Round "1.17"]
[White "Jansen van Rensburg, Monica"]
[Black "Chiang, Sarah"]
[Result "0-1"]
[WhiteElo "1792"]
[BlackElo "2088"]
[PlyCount "108"]
[EventDate "2012.11.08"]
[EventType "swiss"]
[EventRounds "11"]
[EventCountry "SLO"]
[SourceTitle "EXT 2013"]
[Source "ChessBase"]
[SourceDate "2012.11.22"]
[SourceVersion "1"]
[SourceVersionDate "2012.11.22"]
[SourceQuality "1"]

1. e4 c6 2. d4 d5 3. exd5 cxd5 4. Bd3 Nc6 5. c3 g6 6. Bf4 Bg7 7. Nd2 Nh6 8. Ngf3 f6 9. Qe2 Nf7 10. 0-0 0-0 11. Bg3 e5 12. dxe5 fxe5 13. Bh4 Qb6 14. Ng5 e4 15. Bb5 Nfe5 16. c4 Nd4 17. Qd1 Bg4 18. Qa4 h6 19. Nh3 Bxh3 20. cxd5 Qxb5 21. Qxb5 Nxb5 22. gxh3 g5 23. Bg3 Rad8 24. Nxe4 Rxd5 25. Rad1 Rfd8 26. Rxd5 Rxd5 27. f4 gxf4 28. Bxf4 Rd4 29. Ng3 Ng6 30. Be3 Rd3 31. Nf5 Kh7 32. a4 Nd4 33. Nxd4 Bxd4 34. Bxd4 Rxd4 35. Rf7+ Kg8 36. Rxb7 Rxa4 37. Kf2 Nf4 38. Kg3 Nd3 39. h4 Ra2 40. Kg4 a5 41. Kh5 Rxb2 42. Ra7 Rb5+ 43. Kxh6 Nf4 44. Ra8+ Kf7 45. Ra7+ Kf6 46. Ra6+ Ke7 47. Kg7 Kd7 48. h3 Nxh3 49. Kg6 Nf4+ 50. Kg7 Kc7 51. Ra8 Kb7 52. Re8 Rh5 53. Kf6 Nd5+ 54. Kg6 Rxh4 0-1

[Event "Los Angeles Metropolitan 22nd"]
[Site "Los Angeles"]
[Date "2012.08.17"]
[Round "7"]
[White "Chiang, Sarah"]
[Black "He, Tommy O"]
[Result "1/2-1/2"]
[WhiteElo "2121"]
[BlackElo "1982"]
[PlyCount "117"]
[EventDate "2012.08.14"]
[EventType "swiss"]
[EventRounds "9"]
[EventCountry "USA"]
[SourceTitle "CBM 150 Extra"]
[Source "ChessBase"]
[SourceDate "2012.10.19"]
[SourceVersion "1"]
[SourceVersionDate "2012.10.19"]
[SourceQuality "1"]

1. d4 e6 2. c4 Bb4+ 3. Nc3 Nf6 4. e3 b6 5. Bd3 Bb7 6. Nf3 Ne4 7. 0-0 Bxc3 8. bxc3 0-0 9. Ne1 f5 10. f3 Nf6 11. Ba3 d6 12. c5 Nd5 13. Qd2 bxc5 14. dxc5 Nc6 15. Rb1 Rb8 16. cxd6 cxd6 17. e4 fxe4 18. Bxe4 Ne5 19. Qd4 Nxc3 20. Qxc3 Bxe4 21. Rxb8 Qxb8 22. Qb3 Bf5 23. g4 Bg6 24. Qxe6+ Nf7 25. Ng2 Bd3 26. Re1 Qb6+ 27. Kh1 Qf2 28. Qe3 Qxe3 29. Nxe3 Ng5 30. Bxd6 Rxf3 31. Ng2 Be4 32. Be7 Nh3 33. Bc5 Bc6 34. Be3 Nf4 35. Bxf4 Rxf4 36. Kg1 Rxg4 37. Re2 Rxg2+ 38. Rxg2 Bxg2 39. Kxg2 Kf7 40. Kf3 Kf6 41. Kf4 g5+ 42. Kg4 Kg6 43. Kg3 h5 44. Kf3 Kf5 45. Kg3 h4+ 46. Kf3 g4+ 47. Kg2 Kf4 48. Kf2 g3+ 49. hxg3+ hxg3+ 50. Kg2 Kg4 51. a4 a5 52. Kg1 Kf3 53. Kf1 Ke3 54. Kg2 Kf4 55. Kg1 Ke4 56. Kg2 Kd4 57. Kxg3 Kc4 58. Kf3 Kb4 59. Ke2 1/2-1/2

[Event "World op 40th"]
[Site "Philadelphia"]
[Date "2012.07.05"]
[Round "3"]
[White "Mulyar, Michael A"]
[Black "Chiang, Sarah"]
[Result "1/2-1/2"]
[WhiteElo "2386"]
[BlackElo "2102"]
[PlyCount "93"]
[EventDate "2012.07.03"]
[EventType "swiss"]
[EventRounds "9"]
[EventCountry "USA"]
[SourceTitle "CBM 149 Extra"]
[Source "ChessBase"]
[SourceDate "2012.08.24"]
[SourceVersion "1"]
[SourceVersionDate "2012.08.24"]
[SourceQuality "1"]

1. c4 e6 2. Nf3 Nf6 3. g3 d5 4. d4 Be7 5. Bg2 0-0 6. 0-0 dxc4 7. Qc2 a6 8. a4 c5 9. dxc5 Bxc5 10. Qxc4 Qe7 11. Bg5 Nbd7 12. Nbd2 h6 13. Bxf6 Nxf6 14. Ne5 Rb8 15. Qb3 Bd7 16. Ndc4 b5 17. Nxd7 Qxd7 18. Ne5 Qc7 19. Nd3 Bd6 20. axb5 Rxb5 21. Qa4 Rb6 22. Rfc1 Qe7 23. Rc6 Rfb8 24. Rxb6 Rxb6 25. Rc1 e5 26. Rc8+ Kh7 27. Be4+ g6 28. Qc4 Nxe4 29. Qxe4 Qb7 30. Qxb7 Rxb7 31. Rc6 Bb8 32. Rxa6 e4 33. Nc5 Rxb2 34. e3 Rb4 35. Nd7 Kg7 36. Kg2 Bc7 37. Rc6 Bb8 38. h4 h5 39. Rc8 Bd6 40. Rc6 Bb8 41. Ra6 Bc7 42. Rc6 Bb8 43. Kf1 Rb1+ 44. Kg2 Rb4 45. Nc5 Be5 46. Rc8 Bd6 47. Rc6 1/2-1/2

[Event "Wch U14 Girls"]
[Site "Caldas Novas"]
[Date "2011.11.24"]
[Round "7"]
[White "Haussernot, Cecile"]
[Black "Chiang, Sarah"]
[Result "0-1"]
[WhiteElo "2100"]
[BlackElo "2056"]
[PlyCount "45"]
[EventDate "2011.11.18"]
[EventType "swiss"]
[EventRounds "9"]
[EventCountry "BRA"]
[SourceTitle "EXT 2013"]
[Source "ChessBase"]
[SourceDate "2012.11.22"]
[SourceVersion "1"]
[SourceVersionDate "2012.11.22"]
[SourceQuality "1"]

1. e4 c6 2. d4 d5 3. f3 dxe4 4. fxe4 e5 5. Nf3 Bg4 6. Bc4 Nd7 7. c3 Bh5 8. 0-0 Ngf6 9. Bg5 Bd6 10. Nbd2 0-0 11. Qc2 b5 12. Bb3 Qc7 13. dxe5 Bc5+ 14. Nd4 Qxe5 15. Rf5 Qd6 16. Bxf6 Nxf6 17. Rxh5 Bxd4+ 18. cxd4 Qxd4+ 19. Kh1 Nxh5 20. Rf1 Nf6 21. Nf3 Qxe4 22. Qf2 Rae8 23. Re1 0-1

[Event "Wch U14 Girls"]
[Site "Caldas Novas"]
[Date "2011.11.20"]
[Round "4"]
[White "Chiang, Sarah"]
[Black "Goryachkina, Aleksandra"]
[Result "0-1"]
[WhiteElo "2056"]
[BlackElo "2313"]
[PlyCount "90"]
[EventDate "2011.11.18"]
[EventType "swiss"]
[EventRounds "9"]
[EventCountry "BRA"]
[SourceTitle "EXT 2013"]
[Source "ChessBase"]
[SourceDate "2012.11.22"]
[SourceVersion "1"]
[SourceVersionDate "2012.11.22"]
[SourceQuality "1"]

1. d4 d5 2. c4 c6 3. Nf3 Nf6 4. e3 Bg4 5. Nc3 e6 6. Bd3 Nbd7 7. 0-0 Bd6 8. e4 dxe4 9. Nxe4 Nxe4 10. Bxe4 Nf6 11. Bc2 Bc7 12. Be3 Qd6 13. g3 h5 14. Bf4 Qd7 15. Bxc7 Qxc7 16. Qd3 0-0-0 17. Rfd1 c5 18. Qc3 Bxf3 19. Qxf3 Rxd4 20. Rxd4 cxd4 21. Rc1 h4 22. b4 hxg3 23. fxg3 Qe5 24. c5 Qh5 25. Qg2 Ng4 26. h4 Qh6 27. Re1 Ne3 28. Qe4 f5 29. Qd3 Qg6 30. Rxe3 dxe3 31. Qxe3 f4 32. Bxg6 fxe3 33. Kf1 Rf8+ 34. Ke2 Rf2+ 35. Kxe3 Rxa2 36. g4 Rb2 37. h5 Rxb4 38. Kf3 Kd7 39. g5 Ke7 40. Bc2 Rc4 41. Be4 Rxc5 42. h6 gxh6 43. gxh6 b5 44. h7 Rc8 45. Kg4 Kf6 0-1

[Event "Wch U14 Girls"]
[Site "Caldas Novas"]
[Date "2011.11.20"]
[Round "3"]
[White "Pastuszko, Kinga"]
[Black "Chiang, Sarah"]
[Result "0-1"]
[WhiteElo "1907"]
[BlackElo "2056"]
[PlyCount "130"]
[EventDate "2011.11.18"]
[EventType "swiss"]
[EventRounds "9"]
[EventCountry "BRA"]
[SourceTitle "EXT 2013"]
[Source "ChessBase"]
[SourceDate "2012.11.22"]
[SourceVersion "1"]
[SourceVersionDate "2012.11.22"]
[SourceQuality "1"]

1. e4 c6 2. d4 d5 3. exd5 cxd5 4. Bd3 Nc6 5. c3 g6 6. h3 Bg7 7. Nf3 Nh6 8. 0-0 0-0 9. Bf4 f6 10. Re1 Nf7 11. c4 e5 12. cxd5 Nb4 13. dxe5 Qxd5 14. Be4 Qxd1 15. Rxd1 f5 16. Bd5 Nc2 17. e6 Bxe6 18. Bxe6 Nxa1 19. Ng5 Bh6 20. Bxf7+ Rxf7 21. Nxf7 Bxf4 22. Rd8+ Rxd8 23. Nxd8 b6 24. Nc6 a5 25. Ne7+ Kf7 26. Nd5 Be5 27. Nxb6 Bxb2 28. Nc4 Bd4 29. Nxa5 Nc2 30. Nb3 Ba7 31. Kf1 Ke6 32. Ke2 Kd5 33. N1d2 g5 34. a4 Nb4 35. a5 Na2 36. f3 Nc3+ 37. Kd3 Nd1 38. Nc4 Nf2+ 39. Kc3 Nd1+ 40. Kb4 f4 41. Nb6+ Kc6 42. Nd4+ Kb7 43. Kc5 Ne3 44. Nc6 Nxg2 45. Nxa7 Kxa7 46. Kb5 Ne1 47. a6 Nxf3 48. Nc8+ Kb8 49. Kb6 Ne5 50. a7+ Ka8 51. Nd6 Nd7+ 52. Ka6 Nc5+ 53. Kb6 Ne6 54. Nc4 f3 55. Ka6 Nc7+ 56. Kb6 Nd5+ 57. Kc5 f2 58. Nd2 Nf4 59. Kd4 Nxh3 60. Ke5 h5 61. Kf5 Kxa7 62. Kg6 g4 63. Nf1 h4 64. Kf5 g3 65. Ne3 g2 0-1